000 00303nam a22001337a 4500
008 170320b xxu||||| |||| 00| 0 eng d
020 _a9780323026093
041 _aeng
080 _a616.8
100 _a7
101 _aSHM
245 _aFOUNDATIONS OF MENTAL HEALTH CARE
_cVALFRE.M/M
942 _2udc
_cBK
999 _c8065
_d8065